• 首页
  • 本馆介绍
  • 公告通知
  • 最新文献
  • 馆藏检索
  • 电子资源
  • 读者导购
  • 参考咨询
  • 我的图书馆
  • 登录
  • 详细信息显示
  • 放入我的书架
  • 预约/预借图书
  • 作者相关作品
  • 分类相关作品
  • 丛书相关作品
  • 出版社相关作品

书目信息

  • 表格格式
  • 工作单格式
  • 卡片格式
题名:
北京市优秀连环画进校园理论探索与实践推进
    
 
作者: 冷雪玲 编著
分册:  
出版信息: 北京   连环画出版社  2020.9
页数: 420页
开本: 21cm
丛书名:
单 册:
中图分类: G623.752
科图分类:
主题词: 连环画--美术教育--小学--北京
电子资源:
ISBN: 978-7-5056-3731-3
000 00890nam0 2200229 45
001 012001001235
005 20140820155427.0
010    @a978-7-5056-3731-3@dCNY168.00
100    @a20210603d2020 em y0chiy0110 ea
101 0  @achi
102    @aCN@b110000
105    @aa z 000yy
106    @ar
200 1  @a北京市优秀连环画进校园理论探索与实践推进@Abei jing shi you xiu lian huan hua jin xiao yuan li lun tan suo yu shi jian tui jin@f冷雪玲编著
210    @a北京@c连环画出版社@d2020.9
215    @a420页@c图@d21cm
330    @a本书由五章组成:走进“连环画”、北京市优秀连环画进校园工作概述、北京市优秀连环画进校园工作的调查研究、北京市优秀连环画进校园工作案例经验汇编、北京市小学生原创连环画作品精选。
606 0  @a连环画@x美术教育@x小学@y北京
690    @aG623.752@v5
701  0 @a冷雪玲@Aleng xue ling@4编著
801    @aCN@bAHXH@c20210922
905    @b1251345-9@dG623.752@e1572@f5
    
    北京市优秀连环画进校园理论探索与实践推进/冷雪玲编著.-北京:连环画出版社,2020.9
    420页:图;21cm
    
    
    ISBN 978-7-5056-3731-3:CNY168.00
    本书由五章组成:走进“连环画”、北京市优秀连环画进校园工作概述、北京市优秀连环画进校园工作的调查研究、北京市优秀连环画进校园工作案例经验汇编、北京市小学生原创连环画作品精选。
●
相关链接 在E读中查询图书 在五车中查询图书 在当当中查询图书 在豆瓣中查询图书


正题名:北京市优秀连环画进校园理论探索与实践推进     索取号:G623.752/1572         预约/预借

序号 登录号 条形码 馆藏地/架位号 状态 备注
1 1251345   212513458   第一样本阅览室/ [索取号:G623.752/1572] 在馆    
2 1251346   212513467   教育系资料室/ [索取号:G623.752/1572] 在馆    
3 1251347   212513476   教育系资料室/ [索取号:G623.752/1572] 在馆    
4 1251348   212513485   第四借阅区/ [索取号:G623.752/1572] 在馆    
5 1251349   212513494   第四借阅区/ [索取号:G623.752/1572] 在馆    
唐山师范学院图书馆 欢迎您!
大连网信软件有限公司© 版权所有